Волшебство по расчету. Алгебра рекламы: пер. с англ.

Detalles Bibliográficos
Autor Principal: Тейлор Д. Джим
Outros autores: Хэтч С. Стив
Summary:Эта книга рассказывает о коммуникационных идеях, то есть идеях для рекламы, PR, брендинга, BTL, и других способах воздействия на потребителя. Впервые проведена систематизация типов коммуникационных идей, на массе примеров показано их историческое развитие. Также раскрыты коренные отличия обычных, проходных коммуникационных идей от самых лучших. Рекламисты и маркетологи получают мощный инструмент для генерирования и отбора идей, способных пробиваться к потребителю через весь современный рекламный шум.
Idioma:ruso
Publicado: Москва, Манн, Иванов и Фербер, 2008
Subjects:
Formato: Libro
KOHA link:https://koha.lib.tpu.ru/cgi-bin/koha/opac-detail.pl?biblionumber=216165

MARC

LEADER 00000nam0a2200000 4500
001 216165
005 20231101230023.0
010 |a 9785902862574 
035 |a (RuTPU)RU\TPU\book\236127 
090 |a 216165 
100 |a 20120522d2008 km y0rusy50 ca 
101 1 |a rus  |c eng 
102 |a RU 
105 |a a z 000zy 
200 1 |a Волшебство по расчету. Алгебра рекламы  |e пер. с англ.  |f Д. Тейлор, С. Хэтч 
210 |a Москва  |c Манн, Иванов и Фербер  |d 2008 
215 |a 247 с.  |c ил. 
330 |a Эта книга рассказывает о коммуникационных идеях, то есть идеях для рекламы, PR, брендинга, BTL, и других способах воздействия на потребителя. Впервые проведена систематизация типов коммуникационных идей, на массе примеров показано их историческое развитие. Также раскрыты коренные отличия обычных, проходных коммуникационных идей от самых лучших. Рекламисты и маркетологи получают мощный инструмент для генерирования и отбора идей, способных пробиваться к потребителю через весь современный рекламный шум. 
606 1 |a Реклама  |2 stltpush  |3 (RuTPU)RU\TPU\subj\24860  |9 49135 
610 1 |a пиар 
610 1 |a брендинг 
610 1 |a потребители 
610 1 |a воздействие 
610 1 |a коммуникационные идеи 
610 1 |a стратегия 
610 1 |a воплощение 
610 1 |a бренды 
675 |a 659  |v 3 
700 1 |a Тейлор  |b Д.  |g Джим 
701 1 |a Хэтч  |b С.  |g Стив 
801 1 |a RU  |b 63413507  |c 20120522 
801 2 |a RU  |b 63413507  |c 20120906  |g RCR 
942 |c BK 
959 |a 80/20120522  |d 1  |e 250,00  |f ЧЗГЛ:1